000 00464nam a2200157Ia 4500
003 IQ-KOUCL
041 _aArabic
082 _a940,1 cut-979 ل
100 _a20260118u\\\\\\\\\\\y0engy0103\\\\ba
100 _aجاك لوغوف
245 0 _aهل يجب حقا تقطيع التاريخ شرائح ؟
250 _aط1
260 _bهيئة البحرين للثقافة والاثار
_aالمنامة - البحرين
_c2022
300 _a175
942 _cBk
999 _c187413
_d187413